Different Types of Wood - Statistics

General Stats
  • This quiz has been taken 41 times
  • The average score is 9 of 31
Answer Stats
Answer % Correct
Oak
97%
Pine
75%
Cherry
66%
Maple
63%
Mahogany
50%
Walnut
50%
Balsa
41%
Teak
41%
Bamboo
38%
Redwood
38%
Spruce
38%
Ash
34%
Ebony
34%
Aspen
25%
Plywood
25%
Birchwood
22%
Cedarwood
22%
Poplar
22%
Beechwood
19%
Alder
13%
Rosewood
13%
Douglas Fir
6%
Lumber
6%
MDF
6%
Whitewood
6%
Basswood
3%
Hardboard
3%
Hardie Board
3%
Larch
3%
Luan
3%
Zebrawood
3%
No matching quizzes found
Score Distribution
Percent of People with Each Score
Percentile by Number Answered
Your Score History
You have not taken this quiz